Canciones de las Huntr/x - Estadísticas

Estadísticas generales
  • Esta prueba ha sido intentada 20 veces
  • La puntuación promedio es 2 de 5
Estadísticas de respuestas
Canciones % Correcto
Golden
100%
How It's Done
47%
Takedown
40%
Free
33%
This Is What It Sounds Like
13%
No se encontraron pruebas coincidentes
Distribución de puntuación
Porcentaje de gente con cada puntuación
Porcentaje por número respondido
Historial de tus puntuaciones
No has intentado esta prueba.